[Event "Champ FRA - Under 12"]
[Site "Europe Echecs"]
[Date "2020.07.08"]
[Round "6"]
[White "ChareyreMathie"]
[Black "LambertArthur"]
[Result "1-0"]
[WhiteElo "1080"]
[BlackElo "1380"]
[PlyCount "87"]
[EventDate "2020.??.??"]

1. e4 e5 2. Nf3 Nc6 3. Bc4 Nf6 4. d3 Bc5 5. a3 Ng4 6. O-O Nxf2 7. Qe2 Nxd3+ 8.
Be3 Bxe3+ 9. Qxe3 Nxb2 10. Qc3 d6 11. Qxb2 O-O 12. Nbd2 Bg4 13. Qc3 Bxf3 14.
Nxf3 h6 15. Qe3 a6 16. Bd5 Qd7 17. Rab1 b5 18. Qc3 Rae8 19. Bxc6 Qg4 20. Bxe8
Rxe8 21. Qc6 Re6 22. Qxa6 d5 23. Qxb5 Qxe4 24. a4 Qxc2 25. a5 Rg6 26. g3 e4 27.
Nd4 Qc3 28. Ne2 Qe3+ 29. Kh1 h5 30. a6 h4 31. gxh4 c6 32. Qb2 c5 33. a7 Ra6 34.
Ra1 Rxa1 35. Rxa1 Qf3+ 36. Kg1 Qg4+ 37. Ng3 Qxh4 38. a8=Q+ Kh7 39. Qbb8 Kg6 40.
Qb6+ f6 41. Qe8+ Kg5 42. Qxc5 Qf4 43. Qxd5+ Kh6 44. Qeh5# {LambertArthur est
échec et mat} 1-0

[Event "Champ FRA - Under 12"]
[Site "Europe Echecs"]
[Date "2020.07.08"]
[Round "6"]
[White "ValentinAnasta"]
[Black "RoubaudLouisAl"]
[Result "1-0"]
[WhiteElo "1360"]
[BlackElo "1101"]
[PlyCount "25"]
[EventDate "2020.??.??"]

1. e4 e6 2. d4 d5 3. e5 c5 4. dxc5 Bxc5 5. Nf3 Nc6 6. Bb5 Bd7 7. Bxc6 Bxc6 8.
Nc3 Ne7 9. O-O O-O 10. Nd4 Bxd4 11. Qxd4 Ng6 12. Re1 Qg5 13. Bxg5 {
RoubaudLouisAl a abandonné} 1-0

[Event "Champ FRA - Under 12"]
[Site "Europe Echecs"]
[Date "2020.07.08"]
[Round "6"]
[White "ColinPenelope"]
[Black "MayJoani"]
[Result "1-0"]
[WhiteElo "1290"]
[BlackElo "999"]
[PlyCount "111"]
[EventDate "2020.??.??"]

1. e4 e5 2. f4 exf4 3. Nf3 Qe7 4. Nc3 Nf6 5. e5 Ng4 6. h3 Nxe5 7. Nxe5 Qxe5+ 8.
Be2 b6 9. d4 Qe6 10. Bxf4 Bb7 11. O-O Qg6 12. Bf3 Bxf3 13. Qxf3 c6 14. Rfe1+
Be7 15. Qe3 Qe6 16. Qf3 Qg6 17. Rad1 f6 18. Qe3 Qf7 19. Bd6 Qe6 20. Qxe6 dxe6
21. Rxe6 Kd7 22. Rxe7+ Kxd6 23. Rxg7 Nd7 24. Ne4+ Kd5 25. Rxd7+ Kxe4 26. Re1+
Kf5 27. Rf1+ Ke6 28. Rc7 Kd6 29. Rg7 Ke6 30. c4 f5 31. Re1+ Kf6 32. Rc7 c5 33.
dxc5 bxc5 34. Rxc5 Rab8 35. Rc6+ Kf7 36. Rd1 Rxb2 37. Rd7+ Ke8 38. Rc8+ Kxd7
39. Rxh8 Rxa2 40. Rxh7+ Ke6 41. Rh6+ Kf7 42. Rh5 Kg6 43. Rh4 Kg5 44. Rd4 Ra4
45. Kf2 Ra2+ 46. Kg3 Ra3+ 47. Kh2 Rc3 48. g4 f4 49. Rd5+ Kh4 50. Rd4 a5 51.
Rxf4 Rc2+ 52. Kg1 Rc1+ 53. Kf2 Kg5 54. Rf5+ Kh4 55. Rxa5 Rxc4 56. Rh5# {
MayJoani est échec et mat} 1-0

[Event "Champ FRA - Under 12"]
[Site "Europe Echecs"]
[Date "2020.07.08"]
[Round "6"]
[White "GourarMariem"]
[Black "YcardFaustine"]
[Result "1-0"]
[WhiteElo "1062"]
[BlackElo "1380"]
[PlyCount "27"]
[EventDate "2020.??.??"]

1. e4 e5 2. Nf3 Nc6 3. Nc3 Bb4 4. Bb5 Nf6 5. O-O O-O 6. d3 d6 7. Bg5 Bg4 8. h3
Bh5 9. Nd5 Bxf3 10. Qxf3 a6 11. Nxf6+ gxf6 12. Bh6 Re8 13. Qg4+ Kh8 14. Qg7# {
YcardFaustine est échec et mat} 1-0

[Event "Champ FRA - Under 12"]
[Site "Europe Echecs"]
[Date "2020.07.08"]
[Round "6"]
[White "FaidiSami"]
[Black "SemenovVera"]
[Result "1-0"]
[WhiteElo "1394"]
[BlackElo "1069"]
[PlyCount "26"]
[EventDate "2020.??.??"]

1. e4 e5 2. Nc3 Nf6 3. f4 exf4 4. e5 Ng8 5. Nf3 Nc6 6. d4 Bb4 7. Bxf4 d6 8. Bb5
dxe5 9. Nxe5 Nge7 10. d5 Nxd5 11. Nxc6 bxc6 12. Bxc6+ Kf8 13. Bxa8 Nxf4 {
SemenovVera a abandonné} 1-0

[Event "Champ FRA - Under 12"]
[Site "Europe Echecs"]
[Date "2020.07.08"]
[Round "6"]
[White "FoleyNatasha"]
[Black "TournabienPaul"]
[Result "0-1"]
[WhiteElo "1078"]
[BlackElo "1330"]
[PlyCount "58"]
[EventDate "2020.??.??"]

1. e4 e5 2. Nf3 Nc6 3. Nc3 Nf6 4. Bb5 Bb4 5. d3 O-O 6. Bxc6 Bxc3+ 7. bxc3 dxc6
8. Nxe5 Qe8 9. Nf3 Bg4 10. h3 Bh5 11. O-O Rd8 12. Qe2 Qe7 13. Qe3 Rde8 14. Nh4
Bg4 15. hxg4 Nxg4 16. Qg3 Nf6 17. Bh6 Nh5 18. Qg4 Kh8 19. Qxh5 gxh6 20. Qxh6
Rg8 21. Rae1 Qd7 22. Qf6+ Rg7 23. Nf5 Reg8 24. Re3 Qe6 25. Qd4 f6 26. Rf3 Rxg2+
27. Kh1 Qf7 28. Nh6 Qh5+ 29. Rh3 Qxh3# {FoleyNatasha est échec et mat} 0-1

[Event "Champ FRA - Under 12"]
[Site "Europe Echecs"]
[Date "2020.07.08"]
[Round "6"]
[White "PresentLadisla"]
[Black "MartoianSeda"]
[Result "0-1"]
[WhiteElo "1000"]
[BlackElo "1278"]
[PlyCount "56"]
[EventDate "2020.??.??"]

1. e4 e6 2. Nf3 d5 3. Nc3 Be7 4. d3 Nf6 5. Be3 O-O 6. Kd2 b6 7. Ke1 Bb7 8. Qd2
Nbd7 9. Ke2 dxe4 10. Re1 exf3+ 11. gxf3 Nd5 12. Kd1 N7f6 13. Be2 c5 14. Rhg1
Nxe3+ 15. Qxe3 Nd5 16. Qe4 Nxc3+ 17. Kc1 Nxe4 18. fxe4 Bf6 19. f4 Qd4 20. Rd1
Qxb2+ 21. Kd2 Qc3+ 22. Ke3 Bd4+ 23. Kf3 Qxc2 24. Rd2 Qxd2 25. Kg3 Qe3+ 26. Kg4
Qxg1+ 27. Kh5 g6+ 28. Kh6 Bg7# {PresentLadisla est échec et mat} 0-1

[Event "Champ FRA - Under 12"]
[Site "Europe Echecs"]
[Date "2020.07.08"]
[Round "6"]
[White "AumontDiego"]
[Black "BillmannAlexan"]
[Result "0-1"]
[WhiteElo "999"]
[BlackElo "1229"]
[PlyCount "72"]
[EventDate "2020.??.??"]

1. e4 e6 2. Nf3 d5 3. exd5 exd5 4. d4 c5 5. dxc5 Bxc5 6. Be3 Bxe3 7. fxe3 Nf6
8. Nc3 Nc6 9. Bb5 O-O 10. Qd3 h6 11. Bxc6 bxc6 12. O-O-O Bg4 13. h3 Bxf3 14.
gxf3 Qb6 15. Na4 Qa5 16. b3 Rfe8 17. Qd2 Qc7 18. Rhg1 Qe5 19. Qg2 Qxe3+ 20. Rd2
g6 21. Nc3 Qxc3 22. Rd3 Qa1+ 23. Kd2 Qxa2 24. h4 Qa5+ 25. Kc1 h5 26. f4 Re1+
27. Rxe1 Qxe1+ 28. Kb2 Qb4 29. f5 Kh7 30. fxg6+ fxg6 31. Rf3 Qd4+ 32. Kc1 Qa1+
33. Kd2 Ne4+ 34. Kd3 Qc3+ 35. Ke2 Qd2+ 36. Kf1 Qd1# {AumontDiego est échec et
mat} 0-1

[Event "Champ FRA - Under 12"]
[Site "Europe Echecs"]
[Date "2020.07.08"]
[Round "6"]
[White "GleyzeLalie"]
[Black "PoghosyanNoray"]
[Result "0-1"]
[WhiteElo "999"]
[BlackElo "1200"]
[PlyCount "84"]
[EventDate "2020.??.??"]

1. Nc3 e5 2. e4 Nf6 3. d4 Nc6 4. Nf3 d6 5. Nb5 a6 6. Nxc7+ Qxc7 7. Nh4 exd4 8.
Qd2 h6 9. e5 dxe5 10. f3 Bb4 11. c3 dxc3 12. bxc3 Ba5 13. Ba3 Qd7 14. Rb1 Qxd2+
15. Kxd2 Be6 16. Rb6 Rd8+ 17. Kc2 Bxb6 18. f4 exf4 19. h3 Bf2 20. Ng6 Bf5+ 21.
Kb3 Bxg6 22. h4 Be4 23. g4 fxg3 24. Rh3 g2 25. Bc4 g1=Q 26. Ka4 Qd1+ 27. Bb3
Qd7 28. c4 Nd4+ 29. Ka5 Qxh3 30. Ba4+ Nd7 31. c5 Be1+ 32. Bb4 Bxb4+ 33. Kxb4
Qd3 34. c6 Qb1+ 35. Kc4 b5+ 36. Bxb5 Qxb5+ 37. Kc3 Nf6 38. a4 Qb3+ 39. Kd2 Qc2+
40. Ke3 Qd3+ 41. Kf2 Qf3+ 42. Ke1 Qe2# {GleyzeLalie est échec et mat} 0-1

[Event "Champ FRA - Under 12"]
[Site "Europe Echecs"]
[Date "2020.07.08"]
[Round "6"]
[White "CharlierStanis"]
[Black "GadoisClaire"]
[Result "1-0"]
[WhiteElo "1187"]
[BlackElo "1040"]
[PlyCount "79"]
[EventDate "2020.??.??"]

1. e4 e5 2. Nf3 Nc6 3. Bc4 Bc5 4. d3 Nf6 5. Ng5 O-O 6. Nc3 h6 7. Nf3 d6 8. h3
Bd7 9. Nd5 Nb4 10. Nxb4 Bxb4+ 11. c3 Bc5 12. d4 Bb6 13. dxe5 dxe5 14. Qe2 Re8
15. Be3 Bxe3 16. fxe3 Nxe4 17. O-O Ng3 18. Qf2 Nxf1 19. Qxf1 e4 20. Nd2 Be6 21.
Nxe4 Bxc4 22. Qxc4 Qe7 23. Nf2 Qxe3 24. Qxc7 b6 25. Rf1 Qe2 26. Rb1 Qc2 27. Rf1
Qxb2 28. Nd3 Qxa2 29. c4 Re2 30. Qxf7+ Kh7 31. Qf5+ Kh8 32. Rf2 Rxf2 33. Nxf2
Qa1+ 34. Kh2 a5 35. Qd5 Ra6 36. Qe6 a4 37. Qc8+ Kh7 38. Qxa6 Qe5+ 39. g3 Qe2
40. Kg2 {GadoisClaire a perdu au temps} 1-0

[Event "Champ FRA - Under 12"]
[Site "Europe Echecs"]
[Date "2020.07.08"]
[Round "6"]
[White "DuboisGabriel"]
[Black "BonnayTramoniB"]
[Result "1-0"]
[WhiteElo "1124"]
[BlackElo "999"]
[PlyCount "69"]
[EventDate "2020.??.??"]

1. f4 d5 2. Nf3 e6 3. e3 Bd6 4. b3 Nf6 5. Bb2 c6 6. Be2 Nbd7 7. O-O Qe7 8. d4
Ne4 9. Nbd2 b6 10. Bd3 Nxd2 11. Qxd2 Bb7 12. Rac1 O-O-O 13. c4 h6 14. cxd5 exd5
15. Qc3 g5 16. fxg5 hxg5 17. Bb5 g4 18. Ne5 Bxe5 19. dxe5 Nxe5 20. Qxe5 Qxe5
21. Bxe5 Kd7 22. Bxh8 Rxh8 23. Rxf7+ Ke6 24. Rxb7 cxb5 25. Rxa7 Kf5 26. Rb7 Ke4
27. Rxb6 Kxe3 28. Rxb5 g3 29. h3 Rf8 30. Rxd5 Rf2 31. Re1+ Kf4 32. Rd4+ Kg5 33.
Re3 Rxa2 34. Rxg3+ Kh6 35. Rh4# {BonnayTramoniB est échec et mat} 1-0

[Event "Champ FRA - Under 12"]
[Site "Europe Echecs"]
[Date "2020.07.08"]
[Round "6"]
[White "GluckPhileas"]
[Black "BourdelBaptist"]
[Result "0-1"]
[WhiteElo "999"]
[BlackElo "1100"]
[PlyCount "102"]
[EventDate "2020.??.??"]

1. e4 e5 2. Nf3 Nf6 3. Nxe5 d6 4. Nf3 Nxe4 5. Nc3 Nxc3 6. dxc3 Bg4 7. Qe2+ Qe7
8. Qxe7+ Bxe7 9. Be2 Nc6 10. Bf4 O-O 11. O-O Rfe8 12. Rae1 Bf6 13. h3 Bh5 14.
Bd1 h6 15. Rxe8+ Rxe8 16. Re1 Rxe1+ 17. Nxe1 Bxd1 18. Be3 Bh5 19. Nd3 Bg6 20.
Nf4 Bxc2 21. Nd5 Bd8 22. Bd2 Be4 23. Nb4 Nxb4 24. cxb4 Bf6 25. b3 Bb1 26. a3
Ba2 27. a4 Bxb3 28. a5 b6 29. axb6 axb6 30. b5 Bc4 31. Kh2 Bxb5 32. Kg3 c5 33.
Kf3 Bd7 34. Ke3 Bf5 35. Kf4 Bg6 36. Ke3 Bg5+ 37. Ke2 Bxd2 38. Kxd2 Kf8 39. Ke3
Ke7 40. Kf4 b5 41. Ke3 b4 42. Kd2 Ke6 43. Kc1 c4 44. Kb2 c3+ 45. Kb3 Kd5 46.
Kxb4 c2 47. Kc3 c1=Q+ 48. Kb4 Qc4+ 49. Ka5 Qb3 50. Ka6 Kc6 51. Ka7 Qb7# {
GluckPhileas est échec et mat} 0-1

[Event "Champ FRA - Under 12"]
[Site "Europe Echecs"]
[Date "2020.07.08"]
[Round "6"]
[White "AllainGaston"]
[Black "PiolletEspinos"]
[Result "1-0"]
[WhiteElo "799"]
[BlackElo "1100"]
[PlyCount "71"]
[EventDate "2020.??.??"]

1. c4 e5 2. Nc3 d6 3. g3 Be6 4. Bg2 Nc6 5. d3 Rb8 6. Nf3 Nd4 7. Nxd4 exd4 8.
Ne4 d5 9. cxd5 Bxd5 10. O-O Bxe4 11. Bxe4 c5 12. Qa4+ b5 13. Qxa7 Nf6 14. Bh1
c4 15. dxc4 bxc4 16. Bf4 Rxb2 17. Bc7 Qd7 18. Qa8+ Ke7 19. Be5 Rxe2 20. Rab1
Ne8 21. Rb7 Nc7 22. Rxc7 Qxc7 23. Bxc7 Kf6 24. Qf3+ Kg6 25. Qxe2 Bc5 26. Be4+
Kg5 27. Bf4+ Kf6 28. Qxc4 Ba7 29. Qc6+ Ke7 30. Qd6+ Ke8 31. Bf5 g6 32. Qd7+ Kf8
33. Qd8+ Kg7 34. Be5+ Kh6 35. Bxh8 d3 36. Qh4# {PiolletEspinos est échec et
mat} 1-0

[Event "Champ FRA - Under 12"]
[Site "Europe Echecs"]
[Date "2020.07.08"]
[Round "6"]
[White "BourezzouSofia"]
[Black "SicartAugustin"]
[Result "1-0"]
[WhiteElo "1090"]
[BlackElo "999"]
[PlyCount "125"]
[EventDate "2020.??.??"]

1. e4 e5 2. Qh5 g6 3. Qxe5+ Be7 4. Qxh8 f5 5. Qxg8+ Bf8 6. exf5 Ke7 7. Qxh7+
Ke8 8. Qxg6+ Ke7 9. f6+ Kd6 10. Nf3 Qe8+ 11. Kd1 Nc6 12. Qd3+ Ke6 13. Nc3 Kxf6
14. Nd5+ Ke6 15. Nxc7+ Ke7 16. Nxe8 Kxe8 17. Qe3+ Kd8 18. Ng5 d5 19. Nf7+ Kd7
20. Qf4 Bd6 21. Qg4+ Ke7 22. Nxd6 Bxg4+ 23. f3 Bf5 24. Nxf5+ Ke6 25. Nd4+ Ke5
26. Nb5 a6 27. Nc7 Rc8 28. Nxd5 Kxd5 29. c4+ Kc5 30. a3 Na5 31. b4+ Kb6 32.
bxa5+ Kxa5 33. d3 Rg8 34. Bd2+ Kb6 35. Rb1+ Kc6 36. d4 Kc7 37. d5 Rf8 38. c5 b6
39. d6+ Kc6 40. d7 Kxc5 41. Rc1+ Kd6 42. Bh6 Rg8 43. Bc4 Rh8 44. d8=Q+ Rxd8 45.
Rf1 b5 46. Bd3 Kd5 47. f4 Kd4 48. Be2 Rd6 49. Bg7+ Kd5 50. f5 Rd7 51. f6 Rd8
52. f7 Kd6 53. f8=Q+ Rxf8 54. Bxf8+ Kd7 55. g4 Ke8 56. g5 a5 57. g6 b4 58. axb4
axb4 59. g7 b3 60. g8=Q b2 61. Ba3+ Kd7 62. Qg6 bxc1=Q+ 63. Kxc1 {
SicartAugustin a abandonné} 1-0

[Event "Champ FRA - Under 12"]
[Site "Europe Echecs"]
[Date "2020.07.08"]
[Round "6"]
[White "FontaineGregor"]
[Black "LagrangePereir"]
[Result "0-1"]
[WhiteElo "1140"]
[BlackElo "999"]
[PlyCount "30"]
[EventDate "2020.??.??"]

1. d4 d5 2. Bf4 Nc6 3. Nf3 Nf6 4. e3 Bf5 5. Bd3 Bg4 6. Nbd2 e6 7. O-O Bd6 8.
Bxd6 cxd6 9. c3 e5 10. Qc2 e4 11. Bb5 exf3 12. gxf3 Bh3 13. Rfe1 Nd7 14. e4
Qg5+ 15. Kh1 Qg2# {FontaineGregor est échec et mat} 0-1

[Event "Champ FRA - Under 12"]
[Site "Europe Echecs"]
[Date "2020.07.08"]
[Round "6"]
[White "CabasseLoiseau"]
[Black "SubkhanberdinJ"]
[Result "0-1"]
[WhiteElo "999"]
[BlackElo "999"]
[PlyCount "40"]
[EventDate "2020.??.??"]

1. e4 c5 2. Nf3 Nc6 3. Nc3 e5 4. Bc4 Qc7 5. d3 d6 6. Be3 Bg4 7. Nd5 Qa5+ 8. Qd2
Nb4 9. Nxb4 cxb4 10. a3 Qc7 11. Qxb4 d5 12. Qc3 d4 13. Bxd4 exd4 14. Qxd4 Bc5
15. Qc3 Qf4 16. Qxg7 Bxf3 17. gxf3 Qxf3 18. Rg1 Qxf2+ 19. Kd1 Be3 20. Re1 Qd2#
{CabasseLoiseau est échec et mat} 0-1

[Event "Champ FRA - Under 12"]
[Site "Europe Echecs"]
[Date "2020.07.08"]
[Round "7"]
[White "ValleeLouis"]
[Black "KuhnClement"]
[Result "0-1"]
[WhiteElo "1864"]
[BlackElo "2150"]
[PlyCount "84"]
[EventDate "2020.??.??"]

1. d4 Nf6 2. c4 g6 3. Nc3 Bg7 4. e4 d6 5. Nf3 O-O 6. h3 Nfd7 7. Be3 e5 8. d5 a5
9. g4 Nc5 10. g5 Nbd7 11. Be2 f5 12. gxf6 Nxf6 13. Nd2 Bd7 14. Qc2 Qc8 15.
O-O-O Bxh3 16. Rdg1 Bg4 17. Rh4 Bxe2 18. Nxe2 Qd7 19. f4 exf4 20. Bxf4 Rae8 21.
Nc3 Qe7 22. Bg5 Rf7 23. Rgh1 Qf8 24. Qd1 Re5 25. Bf4 Rh5 26. Be3 Rxh4 27. Rxh4
Nfd7 28. Qh1 Bf6 29. Rh3 Ne5 30. Kc2 a4 31. Bh6 Qe7 32. Qh2 Ng4 33. Qg3 Nxh6
34. Rxh6 Bg5 35. Rh2 Bf4 36. Qh3 Bxh2 37. Qxh2 Qe5 38. Qh3 Kg7 39. Qe3 h5 40.
Qh3 Qg5 41. Qh1 h4 42. Qh3 Qg3 {ValleeLouis a abandonné} 0-1

[Event "Champ FRA - Under 12"]
[Site "Europe Echecs"]
[Date "2020.07.08"]
[Round "7"]
[White "AuribaultLouis"]
[Black "BreuilTristan"]
[Result "0-1"]
[WhiteElo "1618"]
[BlackElo "1898"]
[PlyCount "82"]
[EventDate "2020.??.??"]

1. e4 Nf6 2. e5 Nd5 3. d4 d6 4. c4 Nb6 5. exd6 cxd6 6. Nc3 g6 7. Bd3 Bg7 8. Nf3
O-O 9. O-O Nc6 10. Be3 Bg4 11. Be2 Bxf3 12. Bxf3 Nxc4 13. b3 Nxe3 14. fxe3 Rc8
15. Rc1 Qa5 16. Nd5 Rfe8 17. b4 Qd8 18. b5 Na5 19. Qa4 b6 20. Nb4 e5 21. Nc6
Nxc6 22. Bxc6 Re7 23. d5 Bh6 24. Rc3 f5 25. Qh4 Bg7 26. e4 f4 27. g3 Rf7 28.
Qh3 Rcc7 29. Rfc1 Rf8 30. Qe6+ Kh8 31. Qh3 f3 32. Kf2 Qg5 33. Rd1 Rcf7 34. Bd7
h5 35. Be6 Rf6 36. Rc7 Bh6 37. Rd3 h4 38. gxh4 Qf4 39. Rc4 Ra8 40. Qg4 Qxh2+
41. Ke1 Qe2# {AuribaultLouis est échec et mat} 0-1

[Event "Champ FRA - Under 12"]
[Site "Europe Echecs"]
[Date "2020.07.08"]
[Round "7"]
[White "CassamChenaiAn"]
[Black "DurandBenmouss"]
[Result "1-0"]
[WhiteElo "1839"]
[BlackElo "1558"]
[PlyCount "81"]
[EventDate "2020.??.??"]

1. d4 Nf6 2. Nf3 e6 3. e3 d5 4. Bd3 Bd6 5. b3 O-O 6. Bb2 b6 7. O-O Bb7 8. Nbd2
c5 9. Ne5 Nc6 10. f4 Nd7 11. Qe2 f6 12. Qh5 f5 13. Qe2 Rf6 14. Ndf3 Rh6 15. Bb5
Rc8 16. a4 a6 17. Nxc6 Bxc6 18. Bxa6 Rb8 19. Bb5 Bxb5 20. axb5 Nf6 21. Ra6 Ne4
22. Rfa1 g5 23. Ra7 g4 24. Ne1 Qh4 25. g3 Qh5 26. Qg2 c4 27. bxc4 dxc4 28. Ra8
c3 29. Rxb8+ Bxb8 30. Ba3 Bc7 31. Be7 Kf7 32. Bh4 Bd6 33. Ra7+ Kf8 34. Qe2 Nd2
35. Qd3 Nf3+ 36. Nxf3 gxf3 37. Qxc3 f2+ 38. Kxf2 Qe8 39. Qc6 Qxc6 40. bxc6 Bb8
41. c7 {DurandBenmouss a abandonné} 1-0

[Event "Champ FRA - Under 12"]
[Site "Europe Echecs"]
[Date "2020.07.08"]
[Round "7"]
[White "TrevisiolAntoi"]
[Black "PierrotYohann"]
[Result "1-0"]
[WhiteElo "1788"]
[BlackElo "1519"]
[PlyCount "59"]
[EventDate "2020.??.??"]

1. d4 Nf6 2. c4 d5 3. Nc3 Nc6 4. cxd5 Nxd5 5. e4 Nf6 6. d5 Ne5 7. Bf4 Ng6 8.
Bg3 e6 9. Bb5+ Bd7 10. dxe6 Bxb5 11. exf7+ Kxf7 12. Qb3+ Bc4 13. Qxc4+ Ke8 14.
Rd1 Qe7 15. Nf3 h5 16. Qxc7 h4 17. Qxe7+ Bxe7 18. Bd6 Kf7 19. Ng5+ Ke8 20. O-O
Rh5 21. f4 Bxd6 22. Rxd6 Nxf4 23. Rxf4 Rxg5 24. Rxh4 Ke7 25. Rd2 Nd7 26. Nd5+
Kf7 27. Rf4+ Kg6 28. Ne7+ Kh7 29. Rh4+ Rh5 30. Rxh5# {PierrotYohann est échec
et mat} 1-0

[Event "Champ FRA - Under 12"]
[Site "Europe Echecs"]
[Date "2020.07.08"]
[Round "7"]
[White "LissillourBapt"]
[Black "DetrazSamuel"]
[Result "1-0"]
[WhiteElo "1731"]
[BlackElo "1509"]
[PlyCount "143"]
[EventDate "2020.??.??"]

1. d4 d5 2. Nf3 e6 3. c4 Nf6 4. Nc3 c6 5. Bg5 Nbd7 6. e3 Qa5 7. Nd2 Bb4 8. Qc2
Bxc3 9. Qxc3 Qxc3 10. bxc3 h6 11. Bh4 O-O 12. cxd5 cxd5 13. Bd3 b6 14. O-O Bb7
15. Bg3 Rfc8 16. Rac1 a5 17. Rc2 Ba6 18. Bxa6 Rxa6 19. a4 Ne4 20. Nxe4 dxe4 21.
Rfc1 Rc4 22. Ra1 Nf6 23. Kf1 Nd5 24. Ra3 Ra8 25. Ke2 Rac8 26. Kd2 R8c6 27. f3
Nb4 28. Rb2 Nd3 29. Rb5 f5 30. fxe4 fxe4 31. Bh4 g5 32. Bg3 Kf7 33. h4 Kg6 34.
hxg5 hxg5 35. Be5 Nxe5 36. Rxe5 Kf6 37. g4 Rc8 38. Rxe4 R8c6 39. Re5 Rd6 40.
Kd3 Rdc6 41. Rb5 Kg6 42. Rab3 Kf6 43. Rxb6 Rxc3+ 44. Rxc3 Rxb6 45. Rc5 Ra6 46.
Kc4 Ra8 47. e4 Ra7 48. e5+ Ke7 49. Kb5 Rb7+ 50. Kxa5 Rb2 51. Rc7+ Kd8 52. Rg7
Rd2 53. Rxg5 Rxd4 54. Kb5 Kc7 55. Rg7+ Kd8 56. Rg5 Kc7 57. a5 Rd5+ 58. Ka6 Kc6
59. Rg8 Rxe5 60. Rc8+ Kd7 61. Rb8 Kc7 62. Rb7+ Kc8 63. Rb5 Re4 64. g5 Rd4 65.
Kb6 Rd6+ 66. Kc5 Kc7 67. Rb7+ Kxb7 68. Kxd6 Ka6 69. Kxe6 Kxa5 70. g6 Kb6 71. g7
Kc6 72. g8=Q {DetrazSamuel a abandonné} 1-0

[Event "Champ FRA - Under 12"]
[Site "Europe Echecs"]
[Date "2020.07.08"]
[Round "7"]
[White "IlinArtem"]
[Black "LevannierGouel"]
[Result "0-1"]
[WhiteElo "1504"]
[BlackElo "1659"]
[PlyCount "180"]
[EventDate "2020.??.??"]

1. e4 c5 2. Nf3 Nc6 3. c3 d5 4. exd5 Qxd5 5. d4 cxd4 6. cxd4 e6 7. Nc3 Qd8 8.
Be2 Nf6 9. O-O Be7 10. h3 O-O 11. Be3 Nb4 12. Bc4 a6 13. a3 Nbd5 14. Nxd5 exd5
15. Bd3 Be6 16. Ne5 Rc8 17. Qd2 Nd7 18. Nxd7 Qxd7 19. Rac1 Bf5 20. Be2 Qe6 21.
Rxc8 Rxc8 22. Rc1 Rxc1+ 23. Qxc1 h6 24. Bf3 Bd6 25. Qc3 Be4 26. Bd1 Kh7 27. f3
Bg6 28. Bf2 Bb8 29. Bb3 Qd6 30. g3 Bf5 31. Qc5 Be6 32. Qxd6 Bxd6 33. Kg2 Kg6
34. Be3 f6 35. Bc2+ Kf7 36. f4 g6 37. g4 h5 38. f5 gxf5 39. gxf5 Bd7 40. Bb3
Bc6 41. Kf3 b5 42. Bf4 Be7 43. Kg3 Kg7 44. Kh4 Bd7 45. Bxd5 Bxf5 46. Bf3 b4 47.
a4 Bc2 48. Bc6 Bd1 49. d5 Bf3 50. d6 Bxc6 51. dxe7 Kg6 52. b3 Kf7 53. Bd6 Bd5
54. Bxb4 Bxb3 55. Kxh5 Bxa4 56. Kg4 Bd7+ 57. Kg3 Kg6 58. h4 Kh5 59. Bc3 f5 60.
Bb4 Kg6 61. Kf4 Kh5 62. Be1 Kg6 63. Ke5 Kf7 64. Kd6 Bb5 65. h5 Kg7 66. Bd2 Kh7
67. Kc7 Kg7 68. h6+ Kh7 69. Kd8 a5 70. e8=Q Bxe8 71. Kxe8 a4 72. Bb4 Kxh6 73.
Ke7 f4 74. Bc5 f3 75. Ke6 a3 76. Bxa3 f2 77. Bc1+ Kh5 78. Bb2 f1=Q 79. Be5 Qe2
80. Kd5 Kg4 81. Ke6 Kg5 82. Kd5 Kf5 83. Bd4 Qd3 84. Kc5 Ke4 85. Bg7 Qc2+ 86.
Kd6 Qh2+ 87. Ke7 Qh7 88. Kf7 Kf5 89. Kf8 Ke6 90. Bb2 Qf7# {IlinArtem est
échec et mat} 0-1

[Event "Champ FRA - Under 12"]
[Site "Europe Echecs"]
[Date "2020.07.08"]
[Round "7"]
[White "DruonThibault"]
[Black "SoyeuxGabriel"]
[Result "0-1"]
[WhiteElo "1644"]
[BlackElo "1501"]
[PlyCount "102"]
[EventDate "2020.??.??"]

1. d4 d5 2. c4 c6 3. Nf3 Nf6 4. Nc3 Bf5 5. Qb3 Qb6 6. c5 Qc7 7. Bf4 Qc8 8. e3
e6 9. Be2 Nbd7 10. O-O Be7 11. Nd2 Bd8 12. f3 Bc7 13. Bg5 O-O 14. e4 dxe4 15.
fxe4 Bg6 16. Qd1 Ba5 17. Bf3 h6 18. Be3 e5 19. Nc4 Bxc3 20. bxc3 exd4 21. Nd6
Qc7 22. cxd4 Ne8 23. Bf4 b6 24. Nxe8 Qxf4 25. Bg4 Qe3+ 26. Kh1 Raxe8 27. Bxd7
Rxe4 28. Bxc6 Rxd4 29. Qb3 Rd3 30. Qa4 Qxc5 31. Be4 Bxe4 32. Qxe4 Rd4 33. Qf3
Qd5 34. Qg3 Rd2 35. Rae1 Qxa2 36. h3 Qd5 37. Re3 Rd1 38. Ree1 Rxe1 39. Rxe1 Rd8
40. Qc7 Rd7 41. Qc8+ Kh7 42. Qc2+ Kg8 43. Qc8+ Rd8 44. Qc2 b5 45. Qc7 b4 46.
Qc2 a5 47. Rb1 Qd3 48. Qb2 Rb8 49. Qf2 b3 50. Rf1 b2 51. Qxf7+ Kh8 {
DruonThibault a perdu au temps} 0-1

[Event "Champ FRA - Under 12"]
[Site "Europe Echecs"]
[Date "2020.07.08"]
[Round "7"]
[White "RajapAhmedAsif"]
[Black "DeladerriereAp"]
[Result "0-1"]
[WhiteElo "1428"]
[BlackElo "1702"]
[PlyCount "40"]
[EventDate "2020.??.??"]

1. e4 e6 2. d4 d5 3. exd5 exd5 4. c4 Nf6 5. Nc3 Bb4 6. Bd2 Bxc3 7. Bxc3 O-O 8.
Nf3 Ne4 9. Be2 Nxc3 10. bxc3 dxc4 11. Bxc4 Re8+ 12. Be2 Qe7 13. Rc1 Bd7 14. Qd2
Ba4 15. Rb1 a6 16. Rb2 Bb5 17. d5 Nd7 18. Nd4 Bxe2 19. Nxe2 Nb6 20. O-O Nc4 {
RajapAhmedAsif a abandonné} 0-1

[Event "Champ FRA - Under 12"]
[Site "Europe Echecs"]
[Date "2020.07.08"]
[Round "7"]
[White "TranKyLan"]
[Black "LeVenTelo"]
[Result "1-0"]
[WhiteElo "1467"]
[BlackElo "1720"]
[PlyCount "107"]
[EventDate "2020.??.??"]

1. d4 Nf6 2. c4 e6 3. Nf3 d5 4. Bg5 Nbd7 5. Nc3 Bb4 6. Qb3 Bxc3+ 7. Qxc3 c6 8.
Ne5 O-O 9. cxd5 exd5 10. Nxd7 Bxd7 11. e3 h6 12. Bh4 Ne4 13. Bxd8 Nxc3 14. Be7
Rfe8 15. bxc3 Rxe7 16. Rb1 b6 17. c4 Rae8 18. cxd5 cxd5 19. Bd3 g5 20. Rc1 Bg4
21. h3 Bh5 22. g4 Bg6 23. Bxg6 fxg6 24. Kd2 h5 25. Rc6 Kg7 26. Rd6 Rf8 27. Ke2
Ref7 28. Rf1 hxg4 29. hxg4 Rc8 30. Kd3 Rcf8 31. Rxd5 Rxf2 32. Rd7+ Kg8 33. Rxf2
Rxf2 34. Rxa7 Rg2 35. Ra6 Rxg4 36. Rxb6 Rg2 37. Rxg6+ Kf7 38. Ra6 g4 39. Ke4
Rf2 40. Ra7+ Kf6 41. Ra8 Kg7 42. Ra7+ Kg6 43. d5 g3 44. Ra8 Kg5 45. d6 g2 46.
d7 g1=Q 47. d8=Q+ Kh5 48. Qh8+ Kg4 49. Qg8+ Kh3 50. Qxg1 Rg2 51. Rh8+ Kg3 52.
Rg8+ Kh4 53. Qxg2 Kh5 54. Qh2# {LeVenTelo est échec et mat} 1-0

[Event "Champ FRA - Under 12"]
[Site "Europe Echecs"]
[Date "2020.07.08"]
[Round "7"]
[White "GardeGuillaume"]
[Black "BerthouJules"]
[Result "0-1"]
[WhiteElo "1716"]
[BlackElo "1390"]
[PlyCount "114"]
[EventDate "2020.??.??"]

1. e4 e5 2. Nf3 Nc6 3. Bc4 Nf6 4. d3 Bc5 5. c3 d6 6. Nbd2 O-O 7. O-O Bg4 8. h3
Bh5 9. Re1 Qd7 10. Nf1 Nd8 11. Ng3 Bg6 12. Nh4 Ne6 13. Qf3 Kh8 14. Nhf5 Bxf5
15. Nxf5 g6 16. Ng3 Ne8 17. b4 Bb6 18. Bxe6 Qxe6 19. a4 a6 20. Be3 Ng7 21. Bxb6
cxb6 22. Nf1 f5 23. Qe2 Nh5 24. f3 Nf4 25. Qd2 Qf6 26. Ne3 Qg5 27. Kh2 Nh5 28.
Nf1 f4 29. Qf2 Rac8 30. c4 b5 31. axb5 axb5 32. cxb5 Rc3 33. Qd2 Rfc8 34. Rac1
Rxc1 35. Rxc1 Rxc1 36. Qxc1 Ng3 37. Qc8+ Kg7 38. Qxb7+ Kh6 39. Kg1 Ne2+ 40. Kf2
Ng3 41. Nxg3 fxg3+ 42. Ke2 Qc1 43. Qc6 Qb2+ 44. Kd1 Qxg2 45. Qxd6 Qf1+ 46. Kc2
g2 47. Qf8+ Kh5 48. Qg7 g1=Q 49. Qxe5+ g5 50. Qe8+ Kh4 51. Kc3 Qc1+ 52. Kb3
Qb1+ 53. Kc4 Qgc1+ 54. Kd5 Qb3+ 55. Ke5 Qf4+ 56. Kd4 Qxb4+ 57. Kd5 Qfd6# {
GardeGuillaume est échec et mat} 0-1